| 000 | 00660nam a2200217 i 4500 | ||
|---|---|---|---|
| 001 | 87105 | ||
| 003 | ES-MaACL | ||
| 005 | 20251207151549.0 | ||
| 007 | t| | ||
| 008 | 041220s1957 sp ||||1| spa d | ||
| 100 | 1 |
_aKoupernik, Cyrille. _968661 |
|
| 245 | 1 | 0 |
_aDesarrollo psicomotor de la primera infancia / _cCyrille Koupernik ; [traducción directa por C. Mata Ros]. |
| 250 | _a[1ª ed.]. | ||
| 260 |
_aBarcelona : _bLuis Miracle, _c[1957] ( _fAgustín Núñez) |
||
| 300 |
_a179 p. ; _c19 cm. |
||
| 490 | 1 | _aPaideia | |
| 700 | 1 |
_aMata Ros, C. _978897 |
|
| 830 | 0 |
_aPaideia _9179731 |
|
| 852 |
_aES-MaACL _jC-12577 _bR.40602 |
||
| 999 |
_c87105 _d87105 |
||